000 00324nam a22001337a 4500
008 170922b xxu||||| |||| 00| 0 eng d
020 _a9780787956158
041 _aeng
080 _a37
100 _a46
101 _aEDU
245 _aPRINCIPLES OF EFFECTIVE TEACHING IN THE ONLINE CLASSROOM
_cWEISS,R.E
942 _2udc
_cBK
999 _c29274
_d29274